000 00845nam a2200241 a 4500
001 BRCA_5766
005 20190320205215.0
008 080311s2004----mx-a######---#000-0#spa-#
020 _a9701870859
041 _aspa
044 _amx
050 4 _aHT395.A2
_b.F47 2004
100 1 _aFernández, Justino
_d1904 - 1972
_96551
245 1 0 _aAportación a la monografía de Acapulco
_bMéxico, 1932
_cJustino Fernández ; con un prólogo de Carlos González Lobo.
260 _aMéxico
_bCONACULTA-INBA
_c2004
300 _aviii, 23 p.
_bil. (algunas a color)
_c31 cm.
500 _aFacsímil de: México: Alcancia, 1932
650 1 4 _aPlanificación regional
_zAcapulco, México
_914628
650 1 4 _aUrbanismo
_zAcapulco, México
_914629
651 4 _aAcapulco (México)
_914630
700 1 _aGonzález Lobo, Carlos
_eprol.
_914631
942 _2lcc
_cB
999 _c5455
_d5455